| 000 | 00498nam a2200169 i 4500 | ||
|---|---|---|---|
| 001 | 67740 | ||
| 003 | ES-MaACL | ||
| 005 | 20230906170136.0 | ||
| 007 | t| | ||
| 008 | 040203s1967 sp ||||1| spa d | ||
| 100 | 1 |
_aGalot, Jean. _953669 |
|
| 245 | 1 | 0 |
_aNueva perspectiva de la vida consagrada / _cJean Galot ; [versión española por J. Churruca]. |
| 260 |
_aBilbao : _bMensajero, _c1967. |
||
| 300 |
_a183 p. ; _c20 cm. |
||
| 700 | 1 |
_aChurruca, J. _938714 |
|
| 852 |
_aES-MaACL _jC-33831 _bR.65137 |
||
| 999 |
_c67740 _d67740 |
||